[Event "YUG-ch52"]
[Site "Niksic"]
[Date "1997.??.??"]
[Round "14"]
[White "Pavlovic, Milos"]
[Black "Velimirovic, Dragoljub"]
[Result "0-1"]
[WhiteElo "2505"]
[BlackElo "2485"]
[PlyCount "68"]
[EventDate "1997.??.??"]
[EventType "tourn"]
[EventRounds "15"]
[EventCountry "YUG"]
[EventCategory "10"]
[Source "ChessBase"]
[SourceDate "1998.11.10"]
[WhiteTeamCountry "YUG"]
[BlackTeamCountry "YUG"]

1. c4 g6 2. g3 Bg7 3. Bg2 Nf6 4. Nf3 O-O 5. O-O d6 6. Nc3 Nc6 7. Rb1 a5 8. d3
e5 9. a3 Nd4 10. b4 axb4 11. axb4 c6 12. b5 Bg4 13. bxc6 bxc6 14. Bg5 Bxf3 15.
Bxf3 Ra3 16. Ne4 d5 17. cxd5 cxd5 18. Bxf6 Nxf3+ 19. exf3 Bxf6 20. Rb8 Qxb8 21.
Nxf6+ Kg7 22. Nd7 Qb2 23. Nxf8 Kxf8 24. f4 exf4 25. Qf3 Qd4 26. Rd1 fxg3 27.
hxg3 h5 28. Kg2 Kg7 29. Rd2 h4 30. Qe3 Qxe3 31. fxe3 hxg3 32. Kxg3 f5 33. Kf4
Kf6 34. d4 g5+ 0-1

[Event "YUG-ch52"]
[Site "Niksic"]
[Date "1997.??.??"]
[Round "15"]
[White "Velimirovic, Dragoljub"]
[Black "Blagojevic, Dragisa"]
[Result "1/2-1/2"]
[WhiteElo "2485"]
[BlackElo "2485"]
[PlyCount "84"]
[EventDate "1997.??.??"]
[EventType "tourn"]
[EventRounds "15"]
[EventCountry "YUG"]
[EventCategory "10"]
[Source "ChessBase"]
[SourceDate "1999.11.16"]
[WhiteTeamCountry "YUG"]
[BlackTeamCountry "YUG"]

1. e4 e5 2. Nf3 Nc6 3. Bb5 a6 4. Ba4 Nf6 5. O-O Be7 6. Re1 b5 7. Bb3 d6 8. c3
O-O 9. h3 Nd7 10. d4 Bf6 11. a4 Bb7 12. Na3 Nb6 13. axb5 axb5 14. d5 Ne7 15.
Nh2 Ng6 16. Ng4 Be7 17. Ne3 Bg5 18. Nf5 Bxc1 19. Rxc1 Ba6 20. Bc2 Ne7 21. Nxe7+
Qxe7 22. Bd3 Nc4 23. Qe2 Nxa3 24. bxa3 Bb7 25. Ra1 c6 26. dxc6 Bxc6 27. Bxb5
Bxb5 28. Qxb5 Qc7 29. Qd3 Ra4 30. Reb1 Rfa8 31. Rb3 g6 32. g3 Qc6 33. Qd5 Qxd5
34. exd5 R8a5 35. Kf1 Kf8 36. Ke2 Ke7 37. Rb7+ Kf6 38. Rd7 Rxd5 39. Rb1 Rxa3
40. Rbb7 Ra2+ 41. Ke3 Rdd2 42. Rxf7+ Ke6 1/2-1/2

[Event "YUG-chT playoff"]
[Site "Niksic"]
[Date "1997.??.??"]
[Round "?"]
[White "Martinovic, Slobodan"]
[Black "Velimirovic, Dragoljub"]
[Result "1/2-1/2"]
[WhiteElo "2495"]
[BlackElo "2485"]
[PlyCount "83"]
[EventDate "1997.??.??"]
[EventType "team"]
[EventRounds "2"]
[EventCountry "YUG"]
[Source "ChessBase"]
[SourceDate "2001.11.25"]
[WhiteTeamCountry "YUG"]
[BlackTeamCountry "YUG"]

1. e4 c5 2. Nf3 Nc6 3. Bb5 g6 4. Bxc6 bxc6 5. O-O Bg7 6. c3 d6 7. d4 cxd4 8.
cxd4 Nh6 9. Bf4 f6 10. Qc1 g5 11. Be3 Qd7 12. Re1 Nf7 13. Nc3 O-O 14. Ne2 h6
15. Ng3 d5 16. e5 Nd8 17. exf6 exf6 18. Bd2 Rf7 19. Qc2 Ne6 20. h3 Bb7 21. Nf5
c5 22. dxc5 d4 23. c6 Bxc6 24. N3xd4 Nxd4 25. Nxd4 Bxg2 26. Kxg2 Qxd4 27. Bc3
Qc5 28. Rad1 Rc8 29. Qb3 Qc6+ 30. Qd5 f5 31. Bxg7 Kxg7 32. Re6 Qxd5+ 33. Rxd5
Rc2 34. Rdd6 Rxb2 35. Rxh6 Rxa2 36. Rdg6+ Kf8 37. Rxg5 a5 38. Rh8+ Ke7 39. Ra8
Kf6 40. h4 Ra4 41. Kg3 Ra1 42. Kf4 1/2-1/2

[Event "YUG-chT playoff"]
[Site "Niksic"]
[Date "1997.??.??"]
[Round "?"]
[White "Nikcevic, Nebojsa"]
[Black "Velimirovic, Dragoljub"]
[Result "1/2-1/2"]
[WhiteElo "2540"]
[BlackElo "2485"]
[PlyCount "60"]
[EventDate "1997.??.??"]
[EventType "team"]
[EventRounds "2"]
[EventCountry "YUG"]
[Source "ChessBase"]
[SourceDate "2001.11.25"]
[WhiteTeamCountry "YUG"]
[BlackTeamCountry "YUG"]

1. Nf3 c5 2. c4 g6 3. d4 cxd4 4. Nxd4 Nc6 5. e4 Nf6 6. Nc3 d6 7. Be2 Nxd4 8.
Qxd4 Bg7 9. Be3 O-O 10. Qd2 Be6 11. O-O Qa5 12. Rfc1 Rfc8 13. b3 a6 14. a4 Nd7
15. Rab1 Qd8 16. f4 a5 17. Bd3 Nc5 18. Bc2 b6 19. Rd1 Bg4 20. Re1 Bd7 21. Bf2
Bc6 22. Bh4 Qd7 23. Nd5 Re8 24. f5 Bxd5 25. exd5 Bf6 26. Qh6 Bg7 27. Qf4 Be5
28. Qh6 Bg7 29. Qf4 Be5 30. Qh6 Bg7 1/2-1/2

[Event "YUG-ch playoff"]
[Site "Belgrade"]
[Date "1997.??.??"]
[Round "1"]
[White "Popovic, Petar"]
[Black "Velimirovic, Dragoljub"]
[Result "1-0"]
[WhiteElo "2545"]
[BlackElo "2485"]
[PlyCount "81"]
[EventDate "1997.04.??"]
[EventType "tourn"]
[EventRounds "3"]
[EventCountry "YUG"]
[EventCategory "11"]
[Source "ChessBase"]
[SourceDate "1997.11.17"]
[WhiteTeamCountry "YUG"]
[BlackTeamCountry "YUG"]

1. e4 c5 2. Nf3 Nc6 3. d4 cxd4 4. Nxd4 g6 5. c4 Nf6 6. Nc3 d6 7. Nc2 Bg7 8. Be2
Nd7 9. Bd2 a5 10. O-O Nc5 11. f3 O-O 12. Kh1 a4 13. Rc1 Be6 14. Be3 Qb6 15. Rb1
f5 16. Nd5 Qd8 17. exf5 Bxf5 18. Bg5 Ne6 19. Bh4 g5 20. Bf2 Nf4 21. Nxf4 gxf4
22. Bd3 Qd7 23. Re1 Ne5 24. Be4 Kh8 25. b3 axb3 26. axb3 Ra2 27. Bd4 Nc6 28.
Bxg7+ Kxg7 29. Nd4 Bxe4 30. Rxe4 Rf6 31. Ne2 e5 32. Nc3 Ra6 33. Qd2 Qf5 34. Nb5
Qh5 35. Rbe1 Ne7 36. Nc7 Ra3 37. Qb4 Ra2 38. Rxe5 Nf5 39. Ne8+ Kg6 40. Nxf6
Kxf6 41. Rxf5+ 1-0

[Event "YUG-ch playoff"]
[Site "Belgrade"]
[Date "1997.??.??"]
[Round "2"]
[White "Damljanovic, Branko"]
[Black "Velimirovic, Dragoljub"]
[Result "0-1"]
[WhiteElo "2540"]
[BlackElo "2485"]
[PlyCount "66"]
[EventDate "1997.04.??"]
[EventType "tourn"]
[EventRounds "3"]
[EventCountry "YUG"]
[EventCategory "11"]
[Source "ChessBase"]
[SourceDate "1997.11.17"]
[WhiteTeamCountry "YUG"]
[BlackTeamCountry "YUG"]

1. Nf3 c5 2. e4 Nc6 3. c3 e6 4. d4 d5 5. e5 Qb6 6. Be2 Nh6 7. b3 cxd4 8. cxd4
Nf5 9. Bb2 Bb4+ 10. Kf1 Bd7 11. g4 Nh6 12. Rg1 O-O 13. a3 Be7 14. b4 f6 15.
exf6 Rxf6 16. Nc3 Raf8 17. Na4 Qc7 18. Rg2 Nf7 19. Nc5 Nd6 20. Ne5 Bc8 21. Rc1
Qd8 22. g5 Rf5 23. Bg4 Bxg5 24. Bxf5 Nxf5 25. Nxc6 bxc6 26. Rc3 Ne3+ 27. Rxe3
Bxe3 28. Qe2 Bh6 29. Nxe6 Qb6 30. Qe5 Rf7 31. Nxg7 Bh3 32. Qe8+ Rf8 33. Qe6+
Bxe6 0-1

[Event "YUG-ch playoff"]
[Site "Belgrade"]
[Date "1997.04.21"]
[Round "4"]
[White "Velimirovic, Dragoljub"]
[Black "Popovic, Petar"]
[Result "1/2-1/2"]
[WhiteElo "2485"]
[BlackElo "2545"]
[PlyCount "82"]
[EventDate "1997.04.??"]
[EventType "tourn"]
[EventRounds "3"]
[EventCountry "YUG"]
[EventCategory "11"]
[Source "ChessBase"]
[SourceDate "1998.11.10"]
[WhiteTeamCountry "YUG"]
[BlackTeamCountry "YUG"]

1. e4 c5 2. Nf3 d6 3. d4 cxd4 4. Nxd4 Nf6 5. Nc3 Nc6 6. Bc4 e6 7. Be3 a6 8. Bb3
Be7 9. g4 Qa5 10. f3 Nd7 11. Qd2 Nc5 12. O-O-O O-O 13. Kb1 Nxd4 14. Bxd4 Qc7
15. g5 b5 16. h4 Bd7 17. h5 b4 18. Ne2 Nxb3 19. axb3 e5 20. Be3 a5 21. g6 Be6
22. h6 fxg6 23. hxg7 Rxf3 24. Ng1 Rf7 25. Rxh7 Kxh7 26. Qh2+ Kxg7 27. Qh6+ Kg8
28. Qxg6+ Kf8 29. Qxe6 Rc8 30. Rc1 Ke8 31. Nh3 Qd7 32. Qh6 Qc6 33. Ng5 Bxg5 34.
Bxg5 Kd7 35. Qh5 Rcf8 36. Bh6 Qxe4 37. Bxf8 Rxf8 38. Qh6 Qf4 39. Qh7+ Rf7 40.
Qd3 Ke7 41. Rd1 Qd4 1/2-1/2

[Event "YUG-ch playoff"]
[Site "Belgrade"]
[Date "1997.04.22"]
[Round "5"]
[White "Velimirovic, Dragoljub"]
[Black "Damljanovic, Branko"]
[Result "1/2-1/2"]
[WhiteElo "2485"]
[BlackElo "2540"]
[PlyCount "74"]
[EventDate "1997.04.??"]
[EventType "tourn"]
[EventRounds "3"]
[EventCountry "YUG"]
[EventCategory "11"]
[Source "ChessBase"]
[SourceDate "1998.11.10"]
[WhiteTeamCountry "YUG"]
[BlackTeamCountry "YUG"]

1. e4 c5 2. Nf3 Nc6 3. d4 cxd4 4. Nxd4 e5 5. Nb5 d6 6. N1c3 a6 7. Na3 b5 8. Nd5
Nf6 9. Bg5 Be7 10. Bxf6 Bxf6 11. c3 O-O 12. Nc2 Rb8 13. h4 g6 14. h5 Bg5 15.
Qf3 Kg7 16. Rd1 Ne7 17. Nxe7 Qxe7 18. Nb4 Bb7 19. Qd3 Rbd8 20. Nd5 Bxd5 21.
Qxd5 f5 22. hxg6 hxg6 23. Rd3 Qf7 24. Qxf7+ Rxf7 25. exf5 gxf5 26. Rd5 Rc7 27.
Bd3 Kf6 28. Bc2 b4 29. Rh3 bxc3 30. Rxc3 Rxc3 31. bxc3 e4 32. Ra5 Bf4 33. c4
Rc8 34. Bb3 Rc6 35. Ke2 Be5 36. Rd5 Rc5 37. Rd1 a5 1/2-1/2

[Event "YUG-ch playoff"]
[Site "Belgrade"]
[Date "1997.04.23"]
[Round "6"]
[White "Ivanisevic, Ivan"]
[Black "Velimirovic, Dragoljub"]
[Result "0-1"]
[WhiteElo "2450"]
[BlackElo "2485"]
[PlyCount "146"]
[EventDate "1997.04.??"]
[EventType "tourn"]
[EventRounds "3"]
[EventCountry "YUG"]
[EventCategory "11"]
[Source "ChessBase"]
[SourceDate "1998.11.10"]
[WhiteTeamCountry "YUG"]
[BlackTeamCountry "YUG"]

1. d4 c5 2. d5 Nf6 3. c4 g6 4. Nc3 Bg7 5. e4 d6 6. Nf3 O-O 7. Bd3 e5 8. Bg5 h6
9. Bd2 Nh5 10. g3 Nd7 11. Qe2 Ndf6 12. Nh4 Bd7 13. Ng2 Qe7 14. Nd1 a6 15. O-O
b5 16. b3 bxc4 17. bxc4 Nh7 18. Bc3 Ng5 19. Kh1 Rae8 20. Bc2 f5 21. exf5 Bxf5
22. Bxf5 Rxf5 23. f4 Qf7 24. Re1 Rf8 25. Nge3 Nxf4 26. gxf4 Rxf4 27. Rg1 Nh3
28. Rg3 Rh4 29. Rb1 Qf4 30. Qg2 Ng5 31. Be1 Rh5 32. Rg4 Qf7 33. Nc3 Qf3 34.
Qxf3 Rxf3 35. Rg3 e4 36. Rb8+ Rf8 37. Rxf8+ Kxf8 38. Rg2 Bd4 39. Ng4 Nf3 40.
Nxe4 Nxe1 41. Re2 Nd3 42. Nxd6 Rh4 43. Re8+ Kg7 44. Re7+ Kg8 45. Ne3 Be5 46.
Nf7 Bxh2 47. Kg2 Ne1+ 48. Kf1 Rf4+ 49. Kxe1 Rxf7 50. Re6 Kg7 51. Rc6 h5 52. Ke2
Bf4 53. Ng2 Bg3 54. Ne3 h4 55. Ng4 h3 56. Rxc5 h2 57. Nxh2 Bxh2 58. Ra5 g5 59.
d6 Bxd6 60. Rxg5+ Kf6 61. Ra5 Ra7 62. Kd3 Ke6 63. Kd4 Bb4 64. Re5+ Kd7 65. Rd5+
Ke7 66. Re5+ Kd8 67. c5 Re7 68. Rh5 Kc7 69. Kd5 Ba5 70. Rh6 Kb7 71. Rh2 Rd7+
72. Kc4 Rg7 73. Rb2+ Kc6 0-1

[Event "YUG-chT"]
[Site "Niksic"]
[Date "1997.??.??"]
[Round "1"]
[White "Velimirovic, Dragoljub"]
[Black "Ivkov, Borislav"]
[Result "1/2-1/2"]
[WhiteElo "2515"]
[BlackElo "2445"]
[PlyCount "29"]
[EventDate "1997.08.27"]
[EventType "team"]
[EventRounds "11"]
[EventCountry "YUG"]
[Source "ChessBase"]
[SourceDate "1997.09.26"]
[WhiteTeamCountry "YUG"]
[BlackTeamCountry "YUG"]

1. e4 e5 2. Nf3 Nc6 3. Bb5 a6 4. Ba4 Nf6 5. O-O Be7 6. Re1 d6 7. Bxc6+ bxc6 8.
d4 Nd7 9. dxe5 Nxe5 10. Nxe5 dxe5 11. Qxd8+ Kxd8 12. b3 Bd6 13. Ba3 Ke7 14.
Bxd6+ cxd6 15. c4 1/2-1/2

[Event "YUG-chT"]
[Site "Niksic"]
[Date "1997.??.??"]
[Round "2"]
[White "Velimirovic, Dragoljub"]
[Black "Miladinovic, Igor"]
[Result "1/2-1/2"]
[WhiteElo "2515"]
[BlackElo "2500"]
[PlyCount "51"]
[EventDate "1997.08.27"]
[EventType "team"]
[EventRounds "11"]
[EventCountry "YUG"]
[Source "ChessBase"]
[SourceDate "1997.09.26"]
[WhiteTeamCountry "YUG"]
[BlackTeamCountry "YUG"]

1. e4 c5 2. Nf3 Nc6 3. d4 cxd4 4. Nxd4 Qc7 5. Nc3 e6 6. Be2 a6 7. O-O Nf6 8.
Be3 Bb4 9. Na4 Be7 10. c4 Nxe4 11. c5 O-O 12. Rc1 f5 13. g3 Rb8 14. Bf4 e5 15.
Nxf5 exf4 16. Qd5+ Kh8 17. Nxe7 Nxe7 18. Qxe4 d5 19. cxd6 Qxd6 20. Rfd1 Qf6 21.
Qd4 fxg3 22. hxg3 Qg5 23. Nc5 Bh3 24. Qd2 Qg6 25. Bd3 Qf7 26. Bc4 1/2-1/2

[Event "YUG-chT"]
[Site "Niksic"]
[Date "1997.??.??"]
[Round "3"]
[White "Rajkovic, Dusan"]
[Black "Velimirovic, Dragoljub"]
[Result "0-1"]
[WhiteElo "2465"]
[BlackElo "2515"]
[PlyCount "116"]
[EventDate "1997.08.27"]
[EventType "team"]
[EventRounds "11"]
[EventCountry "YUG"]
[Source "ChessBase"]
[SourceDate "1997.09.26"]
[WhiteTeamCountry "YUG"]
[BlackTeamCountry "YUG"]

1. d4 Nf6 2. c4 c5 3. d5 g6 4. Nc3 Bg7 5. e4 O-O 6. Bg5 d6 7. Qd2 Qa5 8. f3 a6
9. Nd1 Qc7 10. a4 Re8 11. Bd3 Nbd7 12. Ne2 Ne5 13. O-O Bd7 14. a5 e6 15. Ndc3
Nxd3 16. Qxd3 exd5 17. exd5 h6 18. Bh4 Re5 19. Bg3 Re7 20. Bf2 Rae8 21. Ng3 h5
22. Qd2 Re5 23. Rfe1 Rxe1+ 24. Bxe1 h4 25. Nge4 Nxe4 26. Nxe4 Bf5 27. Bxh4 Bxe4
28. Re1 Qd7 29. fxe4 Qg4 30. Bg3 Rxe4 31. h3 Rxe1+ 32. Qxe1 Qd4+ 33. Kh2 Be5
34. b3 Kg7 35. Bxe5+ dxe5 36. b4 cxb4 37. Qxb4 e4 38. Qe7 e3 39. Kg3 Qc3 40. d6
Qe1+ 41. Kh2 e2 42. d7 Qxa5 43. d8=Q Qxd8 44. Qxd8 e1=Q 45. Qd4+ Kf8 46. c5 Qe6
47. Qd8+ Kg7 48. Qd4+ Qf6 49. Qe4 a5 50. Qxb7 Qe5+ 51. g3 Qxc5 52. Qb2+ Kg8 53.
Qb8+ Kg7 54. Qb3 Qa7 55. h4 a4 56. Qa3 Qf2+ 57. Kh1 Qf1+ 58. Kh2 Qe2+ 0-1

[Event "YUG-chT"]
[Site "Niksic"]
[Date "1997.??.??"]
[Round "5"]
[White "Matulovic, Milan"]
[Black "Velimirovic, Dragoljub"]
[Result "0-1"]
[WhiteElo "2445"]
[BlackElo "2515"]
[PlyCount "92"]
[EventDate "1997.08.27"]
[EventType "team"]
[EventRounds "11"]
[EventCountry "YUG"]
[Source "ChessBase"]
[SourceDate "1997.09.26"]
[WhiteTeamCountry "YUG"]
[BlackTeamCountry "YUG"]

1. e4 c5 2. Nf3 Nc6 3. Bb5 g6 4. O-O Bg7 5. Bxc6 bxc6 6. c3 d6 7. h3 Nh6 8. d4
cxd4 9. cxd4 O-O 10. Nc3 f6 11. b3 Qa5 12. Bb2 Qh5 13. Nd2 Qxd1 14. Nxd1 f5 15.
e5 f4 16. Rc1 Bd7 17. Nf3 Nf5 18. Nc3 h6 19. Rfe1 Rfd8 20. Ne2 g5 21. Kh2 Rac8
22. g4 fxg3+ 23. fxg3 Rf8 24. Neg1 Be8 25. g4 Nh4 26. Nxh4 gxh4 27. Rf1 Bg6 28.
Rce1 c5 29. Rxf8+ Rxf8 30. Kg2 Rf4 31. Ne2 Be4+ 32. Kg1 Rf3 33. dxc5 Rxh3 34.
exd6 Bxb2 35. d7 Rd3 36. Nf4 Rxd7 37. Rxe4 Bd4+ 38. Kg2 Bxc5 39. b4 Rd2+ 40.
Kh3 Bd6 41. a4 Rf2 42. Ng2 Rf1 43. Ne3 Re1 44. Kg2 h3+ 45. Kxh3 Re2 46. g5 h5
0-1

[Event "YUG-chT"]
[Site "Niksic"]
[Date "1997.??.??"]
[Round "6"]
[White "Petronic, Jovan"]
[Black "Velimirovic, Dragoljub"]
[Result "1/2-1/2"]
[WhiteElo "2490"]
[BlackElo "2515"]
[PlyCount "33"]
[EventDate "1997.08.27"]
[EventType "team"]
[EventRounds "11"]
[EventCountry "YUG"]
[Source "ChessBase"]
[SourceDate "1997.09.26"]
[WhiteTeamCountry "YUG"]
[BlackTeamCountry "YUG"]

1. e4 c5 2. c3 e6 3. d4 d5 4. exd5 exd5 5. Nf3 Nc6 6. Bb5 Bd6 7. O-O Nge7 8.
dxc5 Bxc5 9. Nbd2 O-O 10. Nb3 Bd6 11. Re1 a6 12. Bd3 h6 13. Be3 Bg4 14. h3 Bh5
15. Be2 Re8 16. Nfd4 Bxe2 17. Qxe2 1/2-1/2

[Event "YUG-chT"]
[Site "Niksic"]
[Date "1997.??.??"]
[Round "7"]
[White "Velimirovic, Dragoljub"]
[Black "Pavlovic, Milos"]
[Result "1-0"]
[WhiteElo "2515"]
[BlackElo "2485"]
[PlyCount "81"]
[EventDate "1997.08.27"]
[EventType "team"]
[EventRounds "11"]
[EventCountry "YUG"]
[Source "ChessBase"]
[SourceDate "1997.09.26"]
[WhiteTeamCountry "YUG"]
[BlackTeamCountry "YUG"]

1. a3 g6 2. g3 Bg7 3. Bg2 d5 4. d3 c6 5. Nf3 Nf6 6. O-O O-O 7. Nc3 d4 8. Nb1
Nd5 9. Bd2 c5 10. c4 Nc7 11. b4 a5 12. bxa5 Nc6 13. Ra2 Nxa5 14. Rb2 Nc6 15.
Qc1 Re8 16. Bh6 Bh8 17. Ng5 Ra6 18. f4 f6 19. Ne4 b6 20. Nxf6+ exf6 21. Bxc6
Re6 22. Bg2 f5 23. g4 Re3 24. gxf5 Bxf5 25. Bg5 Qe8 26. Nd2 Ne6 27. Bd5 h6 28.
Bh4 Rxe2 29. Ne4 Re3 30. Qb1 Bg7 31. Rxb6 Rxb6 32. Qxb6 Kh8 33. Qb1 Bh3 34. Rf2
g5 35. fxg5 hxg5 36. Bg3 Nf4 37. Rb2 Qh5 38. Bxf4 gxf4 39. Rb8+ Kh7 40. Bg8+
Kh6 41. Rb6+ 1-0

[Event "YUG-chT"]
[Site "Niksic"]
[Date "1997.??.??"]
[Round "8"]
[White "Velimirovic, Dragoljub"]
[Black "Djuric, Stefan"]
[Result "1/2-1/2"]
[WhiteElo "2515"]
[BlackElo "2545"]
[PlyCount "86"]
[EventDate "1997.08.27"]
[EventType "team"]
[EventRounds "11"]
[EventCountry "YUG"]
[Source "ChessBase"]
[SourceDate "1997.09.26"]
[WhiteTeamCountry "YUG"]
[BlackTeamCountry "YUG"]

1. e4 c6 2. d4 d5 3. exd5 cxd5 4. c4 Nf6 5. Nc3 e6 6. Nf3 Bb4 7. cxd5 exd5 8.
Bb5+ Nc6 9. O-O O-O 10. Bg5 Bxc3 11. bxc3 Qd6 12. Qc2 Nh5 13. Rfe1 f6 14. Be3
Bd7 15. Be2 Rae8 16. Nh4 Re4 17. g3 Rxh4 18. gxh4 Be8 19. Qd1 Nf4 20. Bxf4 Qxf4
21. Bf3 Bf7 22. h5 g5 23. hxg6 hxg6 24. Bg2 Kg7 25. Qc1 Qd6 26. Qe3 Rh8 27. Qg3
Qd7 28. Re3 Ne7 29. Bh3 Nf5 30. Qf4 Rh5 31. Rae1 Qd8 32. Rf3 Nh4 33. Rg3 g5 34.
Qd6 Ng6 35. Be6 Rh6 36. Bxf7 Kxf7 37. Qe6+ Kg7 38. Rge3 Qc7 39. Qe7+ Nxe7 40.
Rxe7+ Qxe7 41. Rxe7+ Kg6 42. Rxb7 Rh3 43. Rc7 Kf5 1/2-1/2

[Event "YUG-chT"]
[Site "Niksic"]
[Date "1997.??.??"]
[Round "9"]
[White "Strikovic, Aleksa"]
[Black "Velimirovic, Dragoljub"]
[Result "1-0"]
[WhiteElo "2560"]
[BlackElo "2515"]
[PlyCount "75"]
[EventDate "1997.08.27"]
[EventType "team"]
[EventRounds "11"]
[EventCountry "YUG"]
[Source "ChessBase"]
[SourceDate "1997.09.26"]
[WhiteTeamCountry "YUG"]
[BlackTeamCountry "YUG"]

1. e4 c5 2. c3 e6 3. d4 d5 4. exd5 exd5 5. Nf3 Nc6 6. Bb5 Bd6 7. O-O cxd4 8.
Qxd4 Nf6 9. Re1+ Be6 10. Bg5 O-O 11. Qd3 Qb6 12. Bxf6 gxf6 13. Bxc6 bxc6 14. b3
Kh8 15. Nbd2 Rg8 16. Nd4 Bd7 17. N2f3 Rae8 18. Nh4 Re5 19. Qf3 Qb8 20. Nhf5
Rge8 21. Rxe5 Bxe5 22. b4 Qc8 23. Nd6 Qc7 24. Nxe8 Bxe8 25. h4 Bd7 26. Re1 Qd6
27. h5 h6 28. Qe3 Kg7 29. g3 Qc7 30. Qd3 c5 31. bxc5 Qxc5 32. Rb1 Qc8 33. Qf3
Bg4 34. Qxd5 Bxh5 35. Rb7 Qc6 36. Nf5+ Kg8 37. Qe4 Bf3 38. Nxh6+ 1-0

[Event "YUG-chT"]
[Site "Niksic"]
[Date "1997.??.??"]
[Round "10"]
[White "Velimirovic, Dragoljub"]
[Black "Damljanovic, Branko"]
[Result "1/2-1/2"]
[WhiteElo "2515"]
[BlackElo "2540"]
[PlyCount "30"]
[EventDate "1997.08.27"]
[EventType "team"]
[EventRounds "11"]
[EventCountry "YUG"]
[Source "ChessBase"]
[SourceDate "1997.09.26"]
[WhiteTeamCountry "YUG"]
[BlackTeamCountry "YUG"]

1. e4 e5 2. Nf3 Nc6 3. Bb5 a6 4. Ba4 Nf6 5. O-O Be7 6. Bxc6 dxc6 7. d3 Nd7 8.
Nbd2 O-O 9. Nc4 f6 10. Nh4 Nc5 11. Nf5 Bxf5 12. exf5 Qd7 13. Qg4 b5 14. Ne3 Nb7
15. Bd2 Bc5 1/2-1/2

[Event "YUG-chT"]
[Site "Niksic"]
[Date "1997.??.??"]
[Round "11"]
[White "Laketic, Gojko"]
[Black "Velimirovic, Dragoljub"]
[Result "1-0"]
[WhiteElo "2425"]
[BlackElo "2515"]
[PlyCount "98"]
[EventDate "1997.08.27"]
[EventType "team"]
[EventRounds "11"]
[EventCountry "YUG"]
[Source "ChessBase"]
[SourceDate "1997.09.26"]
[WhiteTeamCountry "YUG"]
[BlackTeamCountry "YUG"]

1. d4 c5 2. d5 Nf6 3. Nc3 g6 4. e4 d6 5. Nf3 Bg7 6. Bb5+ Nfd7 7. a4 Na6 8. O-O
Nc7 9. Re1 Nxb5 10. axb5 O-O 11. Bf4 f6 12. Ra3 Nb6 13. Qa1 Qc7 14. Rxa7 Rxa7
15. Qxa7 Bg4 16. Qa2 Bxf3 17. gxf3 Kh8 18. Ne2 Ra8 19. Qb3 Qd7 20. Bd2 c4 21.
Qe3 Qxb5 22. Nd4 Qc5 23. b4 cxb3 24. cxb3 Bh6 25. Qxh6 Qxd4 26. Qe3 Qc5 27. Rc1
Qb5 28. Kg2 g5 29. Bc3 Nd7 30. Bd4 Kg8 31. f4 gxf4 32. Qxf4 Kh8 33. Rc3 Qb4 34.
Qe3 Rf8 35. Kf1 Qa5 36. Qd2 Qa6+ 37. Qd3 Qa2 38. Rc2 Qb1+ 39. Ke2 Qh1 40. Qf3
Qxh2 41. Rc7 Ne5 42. Rxe7 Qh6 43. Bxe5 fxe5 44. Rxb7 Rc8 45. Kd3 Rf8 46. Rf7
Rb8 47. b4 Kg8 48. Rd7 Rc8 49. Qg4+ Kh8 1-0

[Event "Bar"]
[Site "Bar"]
[Date "1997.11.19"]
[Round "1"]
[White "Velimirovic, Dragoljub"]
[Black "Sokolov, Andrei"]
[Result "0-1"]
[WhiteElo "2515"]
[BlackElo "2585"]
[Annotator "Atlas,V"]
[PlyCount "82"]
[EventDate "1997.11.19"]
[EventType "tourn"]
[EventRounds "10"]
[EventCountry "YUG"]
[EventCategory "12"]
[Source "ChessBase"]
[SourceDate "1998.03.26"]
[WhiteTeamCountry "YUG"]
[BlackTeamCountry "YUG"]

1. e4 c5 2. Nf3 e6 3. d4 cxd4 4. Nxd4 Nf6 5. Nc3 d6 6. Be3 Be7 7. g4 h5 8. gxh5
Rxh5 $5 {An enterprising continuation. More common is} (8... Nxh5 9. Be2 g6 10.
Qd2 a6 11. O-O-O b5 12. f4 Bb7 13. Bf3 Nd7 14. Qg2 b4 $6 (14... Nf8 $5) 15.
Nxe6 $1 fxe6 16. Qxg6+ Kf8 17. Bxh5 Qe8 18. Qxe8+ Rxe8 19. Bxe8 Kxe8 20. Ne2
Bxe4 21. Rhg1 Rxh2 22. Rd2 Rh3 23. Ng3 Bb7 24. Re2 Kf7 25. Bd4 $16 {
1-0 Magem Badals,J-Veingold,A/San Sebastian op 1993 (48)}) 9. Be2 (9. Bg2 {
led to a sharp play after} Bd7 10. Qe2 Nc6 11. O-O-O a6 12. f4 Qc7 13. Bf3 Rh7
14. Nb3 Kf8 15. h4 Be8 16. h5 b5 17. a3 Rb8 18. f5 b4 19. axb4 Nxb4 20. h6 g6
21. fxg6 fxg6 22. Nd4 Bf7 23. Bg4 Qb7 {
1/2-1/2 Magem Badals,J-Epishin,V/Dos Hermanas 1993 (35)}) 9... Rh7 10. Qd2 a6
11. f4 Nc6 12. O-O-O Bd7 13. Nf3 Qa5 14. Bd3 $6 (14. Ng5 $5 {
deserved serious attention here.}) (14. Kb1 {
followed by 14.Bd3 was another good choice.}) 14... Nb4 15. a3 Nxd3+ 16. Qxd3 (
16. cxd3 {was an interesting option.}) 16... Bb5 17. Qd4 (17. Nxb5 axb5 {
, intending 17...b4, would yield Black good counterchances. Now Whitethreatens 
18.e5.}) 17... Bc6 {Preventing 18.e5 and preparing a d-pawn advance.} 18. Rhg1
Rc8 19. Kb1 d5 $1 20. Ng5 (20. e5 {is strongly met by} Ne4 $1 {
, with a superior position for Black.}) 20... Rh5 ({A prudent decision.} 20...
Rxh2 21. Rh1 Rxh1 22. Rxh1 {<->h seems risky for Black.}) 21. e5 Nh7 ({If} 
21... Nd7 {/\Bc5, then} 22. f5 $1 {, with a dangerous initiative.}) 22. Nxh7
Rxh7 23. Qd3 $6 (23. f5 {does not yield anything in view of} exf5 $15) (23. Rg2
{was to be preferred, althoguh after} g6 {Black has better chances.}) 23...
Rxh2 24. f5 $2 ({
This untimely pawn advance is effectively refuted by Black. Essential was} 24.
Rxg7 {. Now Black can continue} Ba4 {
<->c, ><c2, ><c3, with good attacking perspectives.}) 24... Bb5 $1 25. Qd4 (25.
Nxb5 Qxb5 {><c2 does not solve White's problems either.}) 25... Rc4 26. Qa7
Rxc3 $1 {This appealing exchange sacrifice yields Black a winning position.}
27. bxc3 Qxc3 28. Rd2 (28. Qb8+ Bd8 29. Rc1 {loses after} Bd3) 28... Rxd2 29.
Bxd2 Qxd2 30. Rh1 Bc6 31. Qb8+ Kd7 32. Rh8 {
Allows a nice final combination. Yet, White position was in any case lost.}
Qd1+ 33. Kb2 Bxa3+ $1 {This is the point! Now mate is inevitable.} 34. Kxa3
Qa1+ 35. Kb3 ({Or} 35. Kb4 a5+ 36. Kc5 Qg1#) 35... Ba4+ 36. Kb4 a5+ 37. Kxa5
Bxc2+ 38. Kb4 Qb2+ 39. Kc5 Qc3+ 40. Kb6 Qc6+ 41. Ka5 Qc5# 0-1